Endroits des jeux Pokémon où on combat le/la Rival(e) - Statistiques

Statistiques générales
  • Ce quiz a été pris 13 fois
  • Le résultat moyen est 60 sur 138
Statistiques - réponses
Rival Exclusivité Endroits des jeux Pokémon où on combat le/la Rival(e) % Correct
Blue - Laboratoire du Professeur Chen
80%
Trace - Laboratoire du Professeur Chen
80%
Blue - Ligue Pokémon
80%
Barry - Ligue Pokémon
80%
Tili Ultra-Soleil et Ultra-Lune Ligue Pokémon
80%
Tili - Ligue Pokémon
80%
Gladio - Ligue Pokémon
80%
Trace - Ligue Pokémon
80%
Silver - Plateau Indigo
80%
Bianca - Route 2
80%
Nabil - Route 2
80%
Blue - Route 22
80%
Blue - Route 22
80%
Trace - Route 22
80%
Silver - Route Victoire
80%
Timmy - Route Victoire
80%
Tcheren - Route Victoire
80%
Matis - Route Victoire
80%
Serena/Kalem - Route Victoire
80%
Timmy - Lavandia
70%
Tcheren - Route 5
70%
Tierno - Route 5
70%
Gladio Ultra-Soleil et Ultra-Lune Route 5
70%
Nabil - Route 5
70%
N - Arabelle
60%
Blue - Azuria
60%
Trace - Azuria
60%
Silver - Ecorcia
60%
Barry - Joliberges
60%
Brice/Flora - Nénucrique
60%
Tili Ultra-Soleil et Ultra-Lune Route 1
60%
Tcheren - Route 10
60%
Brice/Flora - Route 103
60%
Brice/Flora Rubis Oméga et Saphir Alpha Route 103
60%
Brice/Flora - Route 110
60%
Serena/Kalem - Route 14
60%
Sannah - Route 19
60%
Tierno - Route 19
60%
Trovato - Route 19
60%
Tcheren - Route 3
60%
Tili - Route 3
60%
Tcheren - Route 4
60%
Tierno - Route 7
60%
Trovato - Route 7
60%
Nabil - Route 7
60%
Bianca - Route 8
60%
Rosemary - Route 9
60%
Blue - Tour Pokémon
60%
Silver - Ville Griotte
60%
Nabil - Ludester
50%
N - Méanville
50%
Brice/Flora Emeraude Mérouville
50%
Nabil - Paddoxton
50%
Tcheren - Renouet
50%
Bianca - Renouet
50%
Bianca - Renouet
50%
Brice/Flora - Route 119
50%
Nabil - Stade de Winscor
50%
Nabil - Stade de Winscor
50%
Rosemary - Stade de Winscor
50%
Sophora - Stade de Winscor
50%
Saturnin - Stade de Winscor
50%
Blue - Sylphe SARL
50%
Barry - Verchamps
50%
Serena/Kalem - Batisques
40%
Serena/Kalem - Flusselles
40%
N - Grotte Electrolithe
40%
Tili - Lili'i
40%
Tili - Lili'i
40%
N - Maillard
40%
Tili - Malié
40%
Menzi - Mesaledo
40%
Travis - Mine de Galar
40%
Tili - Mont Lanakila
40%
Gladio - Mont Lanakila
40%
Nabil - Motorby
40%
Rosemary - Motorby
40%
Blue - Océane
40%
Trace - Océane
40%
Tili - Ohana
40%
N - Palais de N
40%
Serena/Kalem - Port Tempères
40%
Bianca - Port Yoneuve
40%
Matis - Port Yoneuve
40%
Sannah - Quarellis
40%
Barry Platine Route 201
40%
Barry - Route 203
40%
Rosemary - Smashings
40%
Trace - Tour Pokémon
40%
Barry Diamant et PerleDiamant Etincelant et Perle Scintillante Aire de Combat
30%
Barry Platine Aire de Survie
30%
Menzi - Cuchalaga
30%
Nabil - Forêt de Sleepwood
30%
Nabil - Forêt de Sleepwood
30%
Menzi Le Disque Indigo Institut Myrtille
30%
Roseille - Institut Myrtille
30%
Kassis - Institut Myrtille
30%
Kassis - Institut Myrtille
30%
Tcheren - Mont Foré
30%
Silver - Mont Sélénite
30%
Tcheren - Ogoesse
30%
Nabil - Old Chister
30%
Travis - Old Chister
30%
Matis - Pavonnay
30%
Barry Platine Route 209
30%
Silver - Tour Cendrée
30%
Barry - Unionpolis
30%
Matis - Vaguelone
30%
Matis - Vaguelone
30%
Menzi - Académie de Paldea
20%
Sophora - Dojo de la Maîtrise
20%
Saturnin - Dojo de la Maîtrise
20%
Travis - Mine de Galar n°2
20%
Serena/Kalem - Tour Maîtrise
20%
Tili - Dôme Royal
10%
Gladio Ultra-Soleil et Ultra-Lune Foyer Aether
10%
Roseille - Jaderaude
10%
Roseille - Jaderaude
10%
Kassis - Jaderaude
10%
Menzi Le Masque Turquoise Parc Adorami
10%
Roseille - Parc Adorami
10%
Kassis - Parc Adorami
10%
Sophora - Plaine Salutation
10%
Saturnin - Plaine Salutation
10%
Matis - Pokémon World Tournament
10%
Sophora - Voie des Etirements
10%
Saturnin - Voie des Etirements
10%
Kassis - Abîme Zéro
0%
Kassis - Ante Interdit
0%
Kassis - Antre Interdit
0%
Kassis - Lande de la Quiétude
0%
Brice/Flora Rubis Oméga et Saphir Alpha Maison de Combat
0%
Timmy Rubis Oméga et Saphir Alpha Maison de Combat
0%
Bianca - Porte de Volucité
0%
Roseille - Poste Central
0%
Matis - Ranch d'Amaillide
0%
Silver - Souterrain de Doublonville
0%
Menzi - Zone Sud n°1
0%
Aucun quiz correspondant
Distribution des résultats
% des personnes avec chaque résultat
Percentile par nombre de réponses
Votre historique - résultats
Vous n’avez pas pris ce quiz